|
|
|
|
| LEADER |
00671nab a2200157 i 4500 |
| 001 |
delm77941 |
| 005 |
20180928084332.0 |
| 008 |
180928s1964 hu o 0|| hun d |
| 040 |
|
|
|a SZTE Délmagyarország Archívum
|b hun
|
| 041 |
|
|
|a hun
|
| 100 |
1 |
|
|a Liebmann Béla
|
| 245 |
1 |
0 |
|a Eredeti bemutató a Szabadtéri Játékokon
|h [elektronikus dokumentum] :
|b Rónai Sándor és Pullai Árpád Szegeden : ismét számos külföldi vendég érkezett /
|c Liebmann Béla
|
| 260 |
|
|
|c 1964-07-31
|
| 300 |
|
|
|a 1
|
| 490 |
0 |
|
|a Délmagyarország
|v 54 No. 178
|
| 695 |
|
|
|a Rónai Sándor, Pullai Árpád, Győri Imre, Szabadtéri Játékok, Idegenforgalom Szeged 1964, Szabadtéri Játékok Szeged 1964
|